[Event "12. Lichtenberger Sommer"]
[Site "Berlin"]
[Date "2013.08.20"]
[Round "4.83"]
[White "Bauder, Herbert"]
[Black "Weishäutel, Moritz"]
[Result "1/2-1/2"]
[WhiteElo "1932"]
[BlackElo "1680"]
[PlyCount "30"]
[EventDate "2013.??.??"]
[WhiteTeam "SG Lasker Steglitz-Wilmersdorf"]
[BlackTeam "SV Empor Erfurt"]

1. d4 d5 2. Nf3 Nf6 3. c4 e6 4. Nc3 Nbd7 5. Bg5 Be7 6. e3 c6 7. Qc2 O-O 8. a3
dxc4 9. Bxc4 b5 10. Be2 Bb7 11. O-O a6 12. Rfd1 Rc8 13. b4 Nd5 14. Bxe7 Qxe7
15. Ne4 h6 1/2-1/2

[Event "12. Lichtenberger Sommer"]
[Site "Berlin"]
[Date "2013.08.20"]
[Round "4.84"]
[White "Kuckel, Andreas"]
[Black "Schmitt, Jens-Ole"]
[Result "1-0"]
[WhiteElo "1937"]
[BlackElo "1676"]
[PlyCount "37"]
[EventDate "2013.??.??"]
[WhiteTeam "SV Motor Wildau e.V."]
[BlackTeam "SG Narva Berlin e.V."]

1. c4 e6 2. Nf3 b6 3. Nc3 Bb7 4. e4 Bb4 5. Qc2 Nf6 6. d3 d6 7. Be2 O-O 8. O-O
c5 9. Bg5 h6 10. Bxf6 Qxf6 11. Nd1 Nc6 12. a3 Ba5 13. Rb1 a6 14. Qa4 Rfb8 15.
Ne3 Qd8 16. Rfd1 Ne7 17. b4 b5 18. Qxa5 Qd7 19. bxc5 1-0

[Event "12. Lichtenberger Sommer"]
[Site "Berlin"]
[Date "2013.08.20"]
[Round "4.85"]
[White "Ritter, Uwe"]
[Black "Zesewitz, Maik"]
[Result "1-0"]
[WhiteElo "1991"]
[BlackElo "1579"]
[PlyCount "109"]
[EventDate "2013.??.??"]
[WhiteTeam "Reideburger SV 90 Halle"]
[BlackTeam "SF Friedrichshagen"]

1. f4 g6 2. Nf3 Bg7 3. e3 d6 4. Bc4 Nf6 5. d4 Bf5 6. c3 O-O 7. O-O Nc6 8. Bd3
Qd7 9. Qc2 Bxd3 10. Qxd3 e5 11. d5 e4 12. dxc6 Qxc6 13. Qe2 exf3 14. Qxf3 Qxf3
15. gxf3 Rfe8 16. Na3 Nd5 17. Nc2 f5 18. Bd2 Re7 19. Rae1 Rae8 20. Kf2 Nb6 21.
h4 Bf6 22. Rh1 Nc4 23. Bc1 Kg7 24. h5 c5 25. hxg6 hxg6 26. Reg1 Nb6 27. Rh5 Kf7
28. Rh7+ Bg7 29. Rd1 Re6 30. Na3 a6 31. Rd3 Kg8 32. Rh1 Kf7 33. c4 Na4 34. b3
Nc3 35. Bb2 Nxa2 36. Bxg7 Kxg7 37. Nc2 Rh8 38. Rxh8 Kxh8 39. Rd1 a5 40. Na3 Nb4
41. Nb5 Nc2 42. Rd3 b6 43. Nxd6 Nb4 44. Rd2 Kg7 45. Nb5 Kf6 46. Nc7 Rc6 47.
Nd5+ Nxd5 48. cxd5 Rc8 49. e4 c4 50. e5+ Ke7 51. d6+ Kd7 52. bxc4 a4 53. Ke3
Re8 54. Kd4 a3 55. Kd5 1-0

[Event "12. Lichtenberger Sommer"]
[Site "Berlin"]
[Date "2013.08.20"]
[Round "4.86"]
[White "Becker, Uwe"]
[Black "Mc Aleenan, Charles"]
[Result "0-1"]
[WhiteElo "1808"]
[BlackElo "1782"]
[PlyCount "100"]
[EventDate "2013.??.??"]
[WhiteTeam "SV Glück auf Rüdersdorf e.V."]
[BlackTeam "Athenaeum Chess Club London"]

1. f4 d6 2. Nf3 Bg4 3. e4 Nf6 4. d3 e5 5. Be2 Nbd7 6. O-O c6 7. fxe5 dxe5 8.
Be3 Bc5 9. Bxc5 Nxc5 10. c3 Qb6 11. Kh1 Bxf3 12. gxf3 O-O-O 13. b4 Nxd3 14.
Bxd3 Qe3 15. Na3 Rxd3 16. Nc4 Rxd1 17. Nxe3 Rxa1 18. Rxa1 Nh5 19. Kg2 Rd8 20.
Rd1 Rxd1 21. Nxd1 b5 22. Kf2 Kd7 23. Ke3 Ke6 24. Nf2 Nf4 25. a3 g6 26. Nh1 f5
27. Ng3 Ng2+ 28. Kf2 Nf4 29. Ke3 Kf6 30. Nf1 Ne6 31. Kd3 f4 32. Nd2 Kg5 33. Nb3
Kh4 34. Na5 Nd8 35. c4 Kh3 36. Nxc6 bxc4+ 37. Kxc4 Nxc6 38. Kb5 Kg2 39. Kxc6
Kxf3 40. Kb7 Kxe4 41. Kxa7 f3 42. b5 f2 43. b6 f1=Q 44. b7 Qf7 45. a4 Kd4 46.
a5 Kc5 47. Ka8 Qd5 48. Ka7 Qd7 49. Ka8 Qd8+ 50. b8=Q Qxa5+ 0-1

[Event "12. Lichtenberger Sommer"]
[Site "Berlin"]
[Date "2013.08.20"]
[Round "4.87"]
[White "Poeltelt, Helmut"]
[Black "Getzuhn, Detlef"]
[Result "1/2-1/2"]
[WhiteElo "1733"]
[BlackElo "1903"]
[PlyCount "77"]
[EventDate "2013.??.??"]
[WhiteTeam "SC Eintracht Berlin e.V."]
[BlackTeam "SV Senat"]

1. e4 e6 2. d4 d5 3. Nd2 c5 4. exd5 exd5 5. dxc5 Bxc5 6. Bb5+ Nc6 7. Nb3 Bb6 8.
Qe2+ Nge7 9. Nf3 O-O 10. O-O a6 11. Bd3 Bg4 12. Bxh7+ Kh8 13. Bd3 Nb4 14. Bg5
f6 15. Be3 Bxe3 16. Qxe3 Nxd3 17. Qxd3 Bf5 18. Qd4 Bxc2 19. Qh4+ Kg8 20. Nbd4
Bf5 21. Nxf5 Nxf5 22. Qg4 Ne7 23. Nd4 f5 24. Qe2 Rf6 25. Rfe1 Nc6 26. Ne6 Qd6
27. Ng5 Rc8 28. Qh5 Rh6 29. Re8+ Rxe8 30. Qxe8+ Qf8 31. Re1 Rd6 32. a3 g6 33.
Qxf8+ Kxf8 34. Ne6+ Kf7 35. Nc5 Nd8 36. b4 d4 37. Nd3 Nc6 38. Nc5 Nd8 39. Nd3
1/2-1/2

[Event "12. Lichtenberger Sommer"]
[Site "Berlin"]
[Date "2013.08.20"]
[Round "4.88"]
[White "Georgi, David"]
[Black "Scholta, Danilo"]
[Result "1/2-1/2"]
[WhiteElo "1696"]
[BlackElo "1584"]
[PlyCount "64"]
[EventDate "2013.??.??"]
[WhiteTeam "BSG Pneumant Fürstenwalde e.V."]
[BlackTeam "SV Empor Berlin e.V."]

1. Nc3 f5 2. e4 fxe4 3. d3 d6 4. dxe4 e5 5. Bc4 Nf6 6. Bg5 Be7 7. Nf3 Bg4 8.
Bxf6 Bxf6 9. Qd5 Qc8 10. Qf7+ Kd8 11. O-O-O Re8 12. Nb5 Qd7 13. Nxd6 cxd6 14.
Rxd6 Qxd6 15. Qxb7 Qc6 16. Rd1+ Bd7 17. Bd5 Qxb7 18. Bxb7 Kc7 19. Bxa8 Nc6 20.
Bxc6 Bxc6 21. Re1 Rb8 22. c4 a5 23. Kc2 Kd6 24. Nd2 Kc5 25. Nb3+ Kb6 26. f3 a4
27. Nc1 Kc5 28. Kc3 Bd8 29. b4+ Kd6 30. Nd3 Rc8 31. Rd1 Ke6 32. Kb2 Be7 1/2-1/2

[Event "12. Lichtenberger Sommer"]
[Site "Berlin"]
[Date "2013.08.20"]
[Round "4.89"]
[White "Knauer, Frank"]
[Black "Schweitzer, Paul"]
[Result "1-0"]
[WhiteElo "1846"]
[BlackElo "1724"]
[PlyCount "55"]
[EventDate "2013.??.??"]
[WhiteTeam "FC ST.Pauli 1910 eV SAbt"]
[BlackTeam "SV Königsjäger Süd-West e.V."]

1. e4 b6 2. d4 e6 3. Bd3 c6 4. Nf3 Nf6 5. c4 Be7 6. e5 Ng4 7. Nc3 f5 8. d5 cxd5
9. cxd5 Bb4 10. Qb3 Bxc3+ 11. Qxc3 Ba6 12. O-O O-O 13. h3 Bxd3 14. Qxd3 Nh6 15.
Bg5 Qe8 16. Rfd1 Nf7 17. Bf4 h6 18. h4 a5 19. Qb5 Qc8 20. Rac1 Qa6 21. a4 Qb7
22. dxe6 dxe6 23. Nd4 Nd8 24. h5 Na6 25. Qb3 Nc5 26. Qg3 Ne4 27. Qg6 Qf7 28.
Rc4 1-0

[Event "12. Lichtenberger Sommer"]
[Site "Berlin"]
[Date "2013.08.20"]
[Round "4.90"]
[White "Zenkner, Christian"]
[Black "Schrade, Ulrich"]
[Result "1-0"]
[WhiteElo "1909"]
[BlackElo "1528"]
[PlyCount "111"]
[EventDate "2013.??.??"]
[WhiteTeam "SV Bad Bentheim"]
[BlackTeam "SV Trossingen"]

1. d4 d5 2. e4 dxe4 3. Nc3 Nf6 4. f3 exf3 5. Nxf3 Nd5 6. Bd3 Nc6 7. a3 Bg4 8.
h3 Bh5 9. g4 Bg6 10. Bc4 e6 11. Bg5 Be7 12. Bxe7 Ncxe7 13. Qd2 Qd6 14. Ne5 f6
15. Nb5 Qb6 16. Nxg6 hxg6 17. O-O-O a6 18. Nc3 Nxc3 19. Qxc3 O-O-O 20. Rhe1 Rd6
21. Re2 Rhd8 22. Rde1 Qxd4 23. Bxe6+ Kb8 24. Qxd4 Rxd4 25. c3 R4d6 26. Bf7 Nc6
27. Bxg6 Ne5 28. Bf5 Nd3+ 29. Bxd3 Rxd3 30. h4 Kc8 31. h5 Rg3 32. Re4 Rg2 33.
R1e2 Rg3 34. Rh2 Rgd3 35. h6 gxh6 36. Rxh6 R3d6 37. Rf4 Rg8 38. Kc2 Kd8 39. b4
Rg7 40. c4 b6 41. Kc3 c5 42. Rh5 cxb4+ 43. axb4 Rgd7 44. Rh3 Kc7 45. c5 Re6 46.
Rhf3 bxc5 47. bxc5 Rg7 48. Kc4 Kc6 49. Ra3 Ra7 50. Rb3 a5 51. Rb6+ Kd7 52. Kd5
Re5+ 53. Kd4 Rc7 54. Rb5 Ke6 55. Rxa5 Rc6 56. Re4 1-0

[Event "12. Lichtenberger Sommer"]
[Site "Berlin"]
[Date "2013.08.20"]
[Round "4.91"]
[White "Roth, Joachim"]
[Black "Duric, Rajko"]
[Result "1-0"]
[WhiteElo "1923"]
[BlackElo "1737"]
[PlyCount "65"]
[EventDate "2013.??.??"]
[WhiteTeam "SG Bund"]
[BlackTeam "SC Kreuzberg e.V."]

1. d4 Nf6 2. c3 d5 3. e3 Nbd7 4. Nf3 c6 5. Bd3 Qc7 6. Nbd2 e5 7. dxe5 Nxe5 8.
Nxe5 Qxe5 9. Nf3 Qc7 10. O-O Bg4 11. h3 h5 12. Re1 Bxf3 13. Qxf3 O-O-O 14. e4
dxe4 15. Bxe4 Bd6 16. Bf5+ Kb8 17. Bg5 Rde8 18. Bxf6 gxf6 19. Rxe8+ Rxe8 20.
Qxh5 Qe7 21. Rf1 Qe5 22. g3 Rg8 23. Qf3 Rg5 24. Bc2 f5 25. Kg2 f4 26. g4 f5 27.
Rd1 fxg4 28. hxg4 Kc7 29. Rh1 Qg7 30. Rh7 Qxh7 31. Bxh7 Rg7 32. Bf5 b6 33. Qd3
1-0

[Event "12. Lichtenberger Sommer"]
[Site "Berlin"]
[Date "2013.08.20"]
[Round "4.92"]
[White "Korell, Klaus-Peter"]
[Black "Tschirschwitz, Stephan"]
[Result "1/2-1/2"]
[WhiteElo "1960"]
[BlackElo "1570"]
[PlyCount "60"]
[EventDate "2013.??.??"]
[WhiteTeam "SG TT/Wiheil"]
[BlackTeam "SG Lasker Steglitz-Wilmersdorf"]

1. d4 d5 2. c4 e6 3. Nf3 Be7 4. Nc3 Nf6 5. Bg5 O-O 6. Rc1 c6 7. e3 Nbd7 8. Bd3
b6 9. cxd5 Nxd5 10. Bxe7 Qxe7 11. O-O Bb7 12. Ne4 h6 13. a3 c5 14. Bb1 Rfd8 15.
Qc2 Rac8 16. dxc5 Nxc5 17. Nxc5 Nf6 18. Qe2 Rxc5 19. Rxc5 Qxc5 20. Rd1 Rxd1+
21. Qxd1 Qc6 22. h3 Nd7 23. Qd2 Qd5 24. Qxd5 Bxd5 25. Nd4 a5 26. Bc2 Nc5 27. f3
Bb7 28. Kf2 e5 29. Nf5 Ba6 30. g3 Bd3 1/2-1/2

[Event "12. Lichtenberger Sommer"]
[Site "Berlin"]
[Date "2013.08.20"]
[Round "4.93"]
[White "Landt, Stefan"]
[Black "Mildenberger, Hans"]
[Result "1-0"]
[WhiteElo "1929"]
[BlackElo "1622"]
[PlyCount "85"]
[EventDate "2013.??.??"]
[WhiteTeam "SV Berolina Mitte e.V."]
[BlackTeam "SG BVG Helmholtz 55"]

1. d4 Nf6 2. c4 e6 3. Nc3 Bb4 4. Bg5 d5 5. e3 O-O 6. cxd5 exd5 7. Bd3 Re8 8.
Nge2 c6 9. Qc2 h6 10. Bh4 Nbd7 11. h3 Qc7 12. Rc1 Ne4 13. O-O Bxc3 14. Nxc3
Nxc3 15. Qxc3 Qd6 16. f3 Nf6 17. Rce1 Nh5 18. Qc2 Ng3 19. Rf2 g5 20. Bxg3 Qxg3
21. Bf5 Bxf5 22. Qxf5 Re6 23. e4 Qh4 24. f4 gxf4 25. e5 Qg5 26. Qxf4 Qxf4 27.
Rxf4 Rf8 28. Rf6 Kg7 29. Ref1 Rxf6 30. Rxf6 Re8 31. g4 Re6 32. Rxe6 fxe6 33. h4
Kg6 34. Kf2 b6 35. b4 a5 36. bxa5 bxa5 37. Ke3 h5 38. g5 Kf5 39. Kd3 Kg6 40.
Kc3 Kf5 41. Kb3 Kg6 42. Ka4 Kf5 43. Kxa5 1-0

[Event "12. Lichtenberger Sommer"]
[Site "Berlin"]
[Date "2013.08.20"]
[Round "4.94"]
[White "Albinus, Günter"]
[Black "Laurin, Dirk"]
[Result "1/2-1/2"]
[WhiteElo "1844"]
[BlackElo "1647"]
[PlyCount "91"]
[EventDate "2013.??.??"]
[WhiteTeam "SG Weißensee 49 e.V."]
[BlackTeam "SG Narva Berlin e.V."]

1. Nf3 d6 2. d4 e6 3. Bf4 Nf6 4. h3 Nc6 5. e3 Be7 6. c3 d5 7. Nbd2 h6 8. Bd3
Bd6 9. Ne5 Ne7 10. b4 a6 11. Ng4 Bxf4 12. Nxf6+ gxf6 13. exf4 Qd6 14. Qf3 Bd7
15. Qe3 O-O-O 16. O-O-O Bb5 17. Bxb5 axb5 18. Nf3 Ng6 19. g3 Qa6 20. Qd2 Kd7
21. Qb2 Ra8 22. Kb1 Ra7 23. Rhe1 Rha8 24. Re2 Qc6 25. Qc1 Qc4 26. Rdd2 Ra3 27.
Rc2 R3a6 28. Nh2 f5 29. Nf1 Qc6 30. Ne3 Qd6 31. Rb2 Ne7 32. Rb3 Ng8 33. a3 Nf6
34. Ra2 Ne4 35. Nf1 Qc6 36. Ne3 Nd6 37. Ka1 Nc4 38. Nc2 Qd6 39. Kb1 f6 40. Ka1
Qe7 41. Ne3 Qf8 42. Kb1 Qf7 43. Nc2 Qh5 44. h4 Qe2 45. Ne3 Qd3+ 46. Ka1 1/2-1/2

[Event "12. Lichtenberger Sommer"]
[Site "Berlin"]
[Date "2013.08.20"]
[Round "4.95"]
[White "Jancke, Manfred"]
[Black "Gelman, Josef"]
[Result "1-0"]
[WhiteElo "1755"]
[BlackElo "1570"]
[PlyCount "105"]
[EventDate "2013.??.??"]
[WhiteTeam "SC Eintracht Berlin e.V."]
[BlackTeam "SC Weisse Dame e.V."]

1. Nf3 Nf6 2. g3 g6 3. Bg2 Bg7 4. O-O O-O 5. d4 d5 6. c4 c6 7. b3 Bf5 8. Nbd2
Nbd7 9. Bb2 Ne4 10. Nh4 Nxd2 11. Qxd2 Be6 12. Rac1 Nf6 13. Nf3 Ne4 14. Qc2 Nd6
15. Nd2 Bf5 16. e4 dxe4 17. Nxe4 Rb8 18. Rfe1 Nxe4 19. Bxe4 Bxe4 20. Qxe4 e6
21. Rcd1 Qb6 22. Ba3 Rfd8 23. Bc5 Qc7 24. Bb4 b5 25. Bc5 Rd7 26. Re2 a6 27.
Red2 Rbd8 28. f4 Bf6 29. Kg2 Be7 30. Bxe7 Rxe7 31. h4 Red7 32. h5 c5 33. d5
bxc4 34. bxc4 Qb7 35. h6 Qc7 36. Qe3 Re8 37. Qc3 e5 38. Re1 f6 39. Rde2 Rde7
40. fxe5 fxe5 41. Re4 Qd6 42. Qe3 Kf8 43. Qc3 g5 44. Rh1 Rf7 45. Re2 Qf6 46.
Qe3 Qe7 47. Rh5 Qf6 48. Rf2 Qg6 49. Rxf7+ Kxf7 50. Qxg5 Qc2+ 51. Kh3 Rg8 52.
Qxe5 Qd1 53. Rf5+ 1-0

[Event "12. Lichtenberger Sommer"]
[Site "Berlin"]
[Date "2013.08.20"]
[Round "4.96"]
[White "Gruener, Reinhard"]
[Black "Gnaß, Erhard"]
[Result "1-0"]
[WhiteElo "2016"]
[BlackElo "1529"]
[PlyCount "83"]
[EventDate "2013.??.??"]
[WhiteTeam "SG Lasker Steglitz-Wilmersdorf"]
[BlackTeam "SK Zehlendorf e.V."]

1. d4 d5 2. Nc3 e6 3. e4 Ne7 4. Nf3 dxe4 5. Nxe4 f6 6. Bc4 c6 7. O-O Ng6 8. Re1
Be7 9. c3 O-O 10. Qb3 Kh8 11. Bxe6 Bxe6 12. Qxe6 Qd5 13. Nc5 b6 14. Qxd5 cxd5
15. Ne6 Rc8 16. h4 h5 17. Bf4 Na6 18. Bg3 b5 19. a3 Rc6 20. Re2 Bd6 21. Rae1
Bxg3 22. fxg3 Rac8 23. Nd2 Nb8 24. Nb3 Nd7 25. Nbc5 Nxc5 26. Nxc5 a5 27. Re8+
Kh7 28. Rxc8 Rxc8 29. Re6 b4 30. cxb4 axb4 31. a4 f5 32. a5 f4 33. Kf2 fxg3+
34. Kxg3 Nf8 35. Rb6 Ng6 36. a6 Ra8 37. Rxb4 Ne7 38. Ra4 Nc6 39. Ne6 Ra7 40. b4
Kg6 41. b5 Nb8 42. Nc5 1-0

[Event "12. Lichtenberger Sommer"]
[Site "Berlin"]
[Date "2013.08.20"]
[Round "4.97"]
[White "Schmole-Rostosky, Joachim"]
[Black "Ziems, Michael"]
[Result "0-1"]
[WhiteElo "1245"]
[BlackElo "1839"]
[PlyCount "54"]
[EventDate "2013.??.??"]
[WhiteTeam "SF Schwarz-Weiß Merzhausen"]
[BlackTeam "SV Empor Berlin e.V."]

1. c4 e6 2. Nc3 Nf6 3. g3 d5 4. cxd5 exd5 5. d4 Be7 6. Bg2 c6 7. Nf3 O-O 8. O-O
h6 9. Qc2 Be6 10. Ne5 Qc8 11. Re1 Bb4 12. Bd2 Bf5 13. Qb3 Bd6 14. f4 Nbd7 15.
Rac1 Qb8 16. e3 Nb6 17. a4 Bxe5 18. fxe5 Nfd7 19. Bf1 Be6 20. a5 Nc4 21. Bxc4
dxc4 22. Qb4 b5 23. Ne4 Bf5 24. Nd6 Bd3 25. Qa3 c5 26. dxc5 Nxe5 27. Rc3 b4 0-1

[Event "12. Lichtenberger Sommer"]
[Site "Berlin"]
[Date "2013.08.20"]
[Round "4.98"]
[White "Körner, Helmut"]
[Black "Jiranek, Benno"]
[Result "1/2-1/2"]
[WhiteElo "1910"]
[BlackElo "1480"]
[PlyCount "70"]
[EventDate "2013.??.??"]
[WhiteTeam "Sfr.Nord-Ost Berlin"]
[BlackTeam "SC Kreuzberg e.V."]

1. b4 Nf6 2. Bb2 d5 3. e3 e5 4. a3 Bd6 5. c4 dxc4 6. Bxc4 a6 7. Nf3 Bg4 8. Qb3
Qe7 9. Ng5 Be6 10. Nxe6 fxe6 11. Bxe6 Nbd7 12. Nc3 c6 13. Ne2 Rf8 14. Ng3 g6
15. O-O b6 16. Rac1 c5 17. Bxd7+ Nxd7 18. Ne4 Rc8 19. Qd5 Bc7 20. bxc5 bxc5 21.
Nxc5 e4 22. Qxd7+ Qxd7 23. Nxd7 Kxd7 24. Rc4 Bxh2+ 25. Kxh2 Rxc4 26. Bc3 Rfc8
27. Kg3 Ra4 28. Rh1 h5 29. Rb1 Rxa3 30. Rb7+ Ke8 31. Rb4 Kd7 32. Rxe4 Rc6 33.
Re5 Ra4 34. f4 Rb6 35. Rd5+ Kc6 1/2-1/2

[Event "12. Lichtenberger Sommer"]
[Site "Berlin"]
[Date "2013.08.20"]
[Round "4.99"]
[White "Lieder, Günter"]
[Black "Ziegel, Mandy Marie"]
[Result "1-0"]
[WhiteElo "1884"]
[BlackElo "1548"]
[PlyCount "79"]
[EventDate "2013.??.??"]
[WhiteTeam "SK Turm Bad Hersfeld"]
[BlackTeam "Schachclub Oranienburg e.V."]

1. e4 e6 2. d4 d5 3. exd5 exd5 4. Bd3 Nf6 5. Bg5 Be7 6. Nf3 O-O 7. O-O Nc6 8.
c3 b6 9. Nbd2 a5 10. Qc2 h6 11. Bh4 Ba6 12. Rfe1 Re8 13. Ne5 Nxe5 14. Rxe5 Ng4
15. Rxe7 Rxe7 16. Bxe7 Qxe7 17. Nf3 c5 18. Re1 Qd6 19. Bxa6 g6 20. Bb5 Kg7 21.
h3 Nf6 22. Ne5 Rc8 23. Qd1 Ne8 24. Bxe8 Rxe8 25. Nf3 Re4 26. dxc5 Rxe1+ 27.
Qxe1 Qxc5 28. Qd2 a4 29. Qd4+ Qxd4 30. Nxd4 Kf6 31. Kf1 Ke5 32. Ke2 g5 33. g4
Kd6 34. Nf5+ Kc5 35. Kd3 b5 36. Nxh6 f6 37. Ng8 b4 38. cxb4+ Kxb4 39. Nxf6 Kc5
40. Nh7 1-0

[Event "12. Lichtenberger Sommer"]
[Site "Berlin"]
[Date "2013.08.20"]
[Round "4.100"]
[White "Balliere, Arne"]
[Black "Wolff, Marie Antoinette"]
[Result "1-0"]
[WhiteElo "1743"]
[BlackElo "1239"]
[PlyCount "61"]
[EventDate "2013.??.??"]
[WhiteTeam "Kon. Oostendse SK"]
[BlackTeam "Leegebrucher Schachfreunde"]

1. e4 c5 2. Nc3 Nc6 3. f4 g6 4. Nf3 Bg7 5. Bc4 d6 6. O-O Bg4 7. Qe1 Bxf3 8. Bb5
Bg4 9. f5 Nf6 10. h3 Bh5 11. g4 Bxg4 12. hxg4 Nxg4 13. Qg3 Nf6 14. d3 Qb6 15.
fxg6 hxg6 16. Rxf6 Bxf6 17. Nd5 Bd4+ 18. Kg2 Qd8 19. Bg5 Be5 20. Bf4 Kf8 21. c3
e6 22. Bxc6 Bxf4 23. Qxf4 bxc6 24. Nf6 Rb8 25. b3 Kg7 26. Rf1 Qe7 27. e5 Rbd8
28. exd6 Qxd6 29. Ne8+ Rhxe8 30. Qxf7+ Kh8 31. Rh1+ 1-0

[Event "12. Lichtenberger Sommer"]
[Site "Berlin"]
[Date "2013.08.20"]
[Round "4.101"]
[White "Lange, Cecilia"]
[Black "Boeck, Rüdiger"]
[Result "0-1"]
[WhiteElo "1143"]
[BlackElo "1829"]
[PlyCount "80"]
[EventDate "2013.??.??"]
[WhiteTeam "TSG Oberschöneweide e.V."]
[BlackTeam "SC Weisse Dame Ulm e.V."]

1. e4 e5 2. Nf3 Nc6 3. Bc4 Nf6 4. Nc3 Bc5 5. d3 h6 6. Be3 Bb6 7. Qd2 d6 8. h3
Nd4 9. Bxd4 exd4 10. Ne2 c5 11. O-O O-O 12. Ng3 Nd7 13. a3 Ne5 14. Nxe5 dxe5
15. f4 Bc7 16. f5 Kh7 17. Rf2 f6 18. Qe2 Bd7 19. Nh5 Be8 20. Raf1 b5 21. Qg4
Bxh5 22. Qxh5 bxc4 23. Qg6+ Kh8 24. Rf3 Qe8 25. Qg4 cxd3 26. cxd3 Qf7 27. Qh4
Rab8 28. Qf2 c4 29. Rc1 cxd3 30. Rxd3 Bb6 31. b4 Rfc8 32. Qd2 Qb7 33. Kf1 Qxe4
34. Rxc8+ Rxc8 35. g4 Qh1+ 36. Ke2 e4 37. Rb3 d3+ 38. Rxd3 exd3+ 39. Qxd3 Qg2+
40. Kd1 Rd8 0-1

[Event "12. Lichtenberger Sommer"]
[Site "Berlin"]
[Date "2013.08.20"]
[Round "4.102"]
[White "Birkholz, Axel"]
[Black "Theilig, Reinhard"]
[Result "1-0"]
[WhiteElo "1857"]
[BlackElo "1713"]
[PlyCount "97"]
[EventDate "2013.??.??"]
[WhiteTeam "SV Trossingen"]
[BlackTeam "VfB Hermsdorf e.V."]

1. e4 d6 2. d4 Nf6 3. Nc3 g6 4. f4 Bg7 5. Nf3 O-O 6. Bd3 c5 7. d5 Qa5 8. O-O a6
9. Bd2 c4 10. Be2 Qc7 11. a4 Nbd7 12. b4 cxb3 13. cxb3 Qb6+ 14. Kh1 Nc5 15. e5
dxe5 16. Nxe5 Nce4 17. Nxe4 Nxe4 18. Be1 Bf5 19. Rc1 Rac8 20. Rxc8 Rxc8 21. g4
Nc3 22. Bxc3 Be4+ 23. Bf3 Qe3 24. Bd2 Bxf3+ 25. Nxf3 Qe4 26. Re1 Qxd5 27. Bb4
Qc6 28. Kg2 e6 29. Qd2 Qb6 30. Rd1 a5 31. Bxa5 Qxb3 32. Rc1 Ra8 33. Bc3 Rxa4
34. Qd8+ Bf8 35. Be5 Ra3 36. Qd1 Ra2+ 37. Kg3 Qe3 38. Rc2 Ra8 39. Bd4 Qe4 40.
Qe2 Qd5 41. Qe5 Qxe5 42. Bxe5 Be7 43. Rc7 f6 44. Rxe7 fxe5 45. Nxe5 Rb8 46.
Rxe6 b5 47. Nc6 Rb7 48. Re8+ Kf7 49. Nd8+ 1-0

[Event "12. Lichtenberger Sommer"]
[Site "Berlin"]
[Date "2013.08.20"]
[Round "4.103"]
[White "Dittrich, Tom"]
[Black "Jansen, Robert"]
[Result "1/2-1/2"]
[WhiteElo "1648"]
[BlackElo "1771"]
[PlyCount "93"]
[EventDate "2013.??.??"]
[WhiteTeam "SG Blau-Weiß Stadtilm"]
[BlackTeam "SC Kreuzberg e.V."]

1. e4 e5 2. Nf3 Nc6 3. Bc4 Nf6 4. d3 d6 5. c3 Bg4 6. Bb3 Be7 7. Nbd2 Qd7 8. Nf1
d5 9. Qe2 dxe4 10. dxe4 O-O 11. Ng3 Bd6 12. h3 Be6 13. Bxe6 Qxe6 14. O-O Ne7
15. Rd1 Nd7 16. Nh4 Ng6 17. Ngf5 Be7 18. Nxe7+ Nxe7 19. Nf3 Rad8 20. Qb5 c6 21.
Qe2 Ng6 22. Ng5 Qe7 23. Nf3 Nc5 24. Bg5 f6 25. Qc4+ Ne6 26. Be3 a6 27. b4 Qf7
28. g3 h6 29. Qb3 Kh7 30. Bb6 Rde8 31. Rd2 f5 32. exf5 Qxf5 33. Nh2 Ng5 34. h4
Nh3+ 35. Kg2 Nhf4+ 36. gxf4 Nxh4+ 37. Kh1 Qxf4 38. Qc2+ e4 39. Be3 Qf5 40. Rg1
Nf3 41. Nxf3 Qxf3+ 42. Rg2 Rd8 43. Kg1 g6 44. Bb6 Rd3 45. Rg3 Rxd2 46. Qxd2 Qf5
47. Bc5 1/2-1/2

[Event "12. Lichtenberger Sommer"]
[Site "Berlin"]
[Date "2013.08.20"]
[Round "4.104"]
[White "Dietzel, Uwe"]
[Black "Nguyen, Phuong Thuy Anh"]
[Result "1/2-1/2"]
[WhiteElo "1708"]
[BlackElo "1436"]
[PlyCount "51"]
[EventDate "2013.??.??"]
[WhiteTeam "TSV Lichtentanne SAbt"]
[BlackTeam "Schachunion Berlin e.V."]

1. c4 e5 2. g3 Nc6 3. Bg2 Nf6 4. Nc3 Be7 5. d3 O-O 6. e3 d6 7. Nge2 Re8 8. O-O
Bf8 9. a3 a5 10. Rb1 Ne7 11. d4 c6 12. b3 Nf5 13. d5 c5 14. Ne4 Bd7 15. N2c3 b6
16. a4 Nh6 17. Nxf6+ Qxf6 18. e4 Qg6 19. f3 Be7 20. Nb5 Rf8 21. Qd3 f5 22. Bd2
Nf7 23. Rf2 Ng5 24. Rbf1 h5 25. Nc3 f4 26. Ne2 1/2-1/2

[Event "12. Lichtenberger Sommer"]
[Site "Berlin"]
[Date "2013.08.20"]
[Round "4.105"]
[White "Linden, Raimund"]
[Black "Bui, Bao Anh Le"]
[Result "1/2-1/2"]
[WhiteElo "1740"]
[BlackElo "1102"]
[PlyCount "97"]
[EventDate "2013.??.??"]
[WhiteTeam "SK Zehlendorf e.V."]
[BlackTeam "Treptower SV 1949 e.V."]

1. e4 c5 2. Nf3 d6 3. Nc3 Nf6 4. Be2 Bd7 5. O-O Nc6 6. d3 g6 7. Bg5 Bg7 8. Rb1
O-O 9. Qd2 Rc8 10. Bh6 Re8 11. Bxg7 Kxg7 12. h3 Nd4 13. Bd1 b5 14. Nxd4 cxd4
15. Ne2 Qb6 16. Ng3 Qc5 17. b3 b4 18. Ne2 a5 19. Qe1 Rc7 20. Qd2 e5 21. Kh2 Rb8
22. f3 Bc6 23. Qc1 d5 24. Qd2 Qd6 25. Ng3 Bd7 26. Qf2 Rc6 27. Re1 Re8 28. Rc1
Rc7 29. Kh1 Rc3 30. exd5 Qxd5 31. Ne4 Nxe4 32. fxe4 Qd6 33. Qg3 Rc6 34. Rf1 Qe7
35. Rf2 Rf6 36. Bf3 Rf4 37. Rcf1 Rf6 38. Bg4 Rxf2 39. Rxf2 Bxg4 40. Qxg4 Rd8
41. Qf3 Rd6 42. Kh2 Rf6 43. Qe2 Rxf2 44. Qxf2 Qf6 45. Qe1 h5 46. Kg1 Qf4 47.
Kh1 h4 48. Kg1 f5 49. a4 1/2-1/2

[Event "12. Lichtenberger Sommer"]
[Site "Berlin"]
[Date "2013.08.20"]
[Round "4.106"]
[White "Schmidek, Johann"]
[Black "Strehlow, Horst"]
[Result "0-1"]
[WhiteElo "1424"]
[BlackElo "2026"]
[PlyCount "100"]
[EventDate "2013.??.??"]
[WhiteTeam "vereinslos"]
[BlackTeam "SC Friesen Lichtenberg e.V."]

1. d4 Nf6 2. c4 e6 3. e3 d5 4. Nf3 c6 5. cxd5 cxd5 6. Be2 Nc6 7. O-O g6 8. Nc3
Bg7 9. a3 O-O 10. b4 a6 11. Bb2 b5 12. a4 bxa4 13. Rxa4 Bd7 14. b5 axb5 15.
Bxb5 Rb8 16. Qe2 Ne4 17. Raa1 Qb6 18. Ra6 Nxc3 19. Bxc3 Qxb5 20. Qxb5 Rxb5 21.
Rfa1 Rfb8 22. Ra8 Bf8 23. Rxb8 Rxb8 24. Nd2 Bb4 25. Bxb4 Rxb4 26. Ra8+ Kg7 27.
h3 Rb2 28. Nf1 Rb1 29. g3 Nxd4 30. exd4 Bb5 31. Rb8 Rxf1+ 32. Kg2 Rb1 33. Rc8
Rd1 34. Rc5 Bc4 35. Ra5 Rxd4 36. Ra3 e5 37. Re3 e4 38. Rc3 Be2 39. h4 Bf3+ 40.
Kh3 h5 41. Rc1 Rd1 42. Rxd1 Bxd1 43. Kg2 d4 44. Kf1 Bf3 45. Ke1 Kf6 46. Kd2 Ke5
47. Kc2 f6 48. Kd2 g5 49. hxg5 fxg5 50. Kc2 h4 0-1

[Event "12. Lichtenberger Sommer"]
[Site "Berlin"]
[Date "2013.08.20"]
[Round "4.107"]
[White "Schrodt, Horst"]
[Black "Dittrich, Hans-Jürgen"]
[Result "1-0"]
[WhiteElo "1753"]
[BlackElo "1380"]
[PlyCount "77"]
[EventDate "2013.??.??"]
[WhiteTeam "SC Eintracht Berlin e.V."]
[BlackTeam "vereinslos"]

1. d4 d5 2. c4 dxc4 3. e3 Nf6 4. Bxc4 e6 5. Nf3 Bb4+ 6. Bd2 Bxd2+ 7. Nbxd2 a6
8. Rc1 b5 9. Bd3 Bb7 10. Qc2 c6 11. O-O h6 12. Nb3 Nbd7 13. Rfd1 Qb6 14. Nc5
Nxc5 15. dxc5 Qc7 16. Bf1 Nd7 17. b4 O-O-O 18. Rd6 Nf6 19. Rcd1 Rxd6 20. cxd6
Qd7 21. Ne5 Qe8 22. d7+ Nxd7 23. Nxd7 Qxd7 24. Rxd7 Kxd7 25. Qc5 Rd8 26. h3 f6
27. Qc2 Kc7 28. Be2 Rd7 29. Kf1 Re7 30. f3 Kb8 31. e4 e5 32. Kf2 Rd7 33. a3 Kc7
34. Kg3 Bc8 35. f4 exf4+ 36. Kxf4 Kb6 37. Bg4 Rd8 38. Qc5+ Kb7 39. Qe7+ 1-0